Wir sind bereit (Record no. 6112)

MARC details
000 -BAŞLIK
Sabit Uzunlukta Kontrol Alanı 00725na a2200229 4500
001 - KONTROL NUMARASI
Denetim Alanı 19159
003 - KONTROL NUMARASI IDENTIFIER
Denetim Alanı MIRAKIL
005 - SON İŞLEM TARİHİ VE ZAMANI
Denetim Alanı 20181213155056.0
008 - SABİT-BOY VERİ ELEMANLARI - GENEL BİLGİLER
Sabit Uzunlukta Kontrol Alanı 161209b tu 000 0
040 ## - KATALOGLAMA KAYNAK
Orijinal Kataloglama Ajansı Milas
Kataloglama Dili tur
Metne Dönüştürmek Ajansı TR-AnCHP
041 ## - DİL KODU
Metin / Ses Parça Veya Ayrı Başlığın Dil Kodu ger
082 ## - DEWEY ONLU SINIFLANDIRMA NUMARASI
Sınıflandırma Numarası 324.243072
Ürün Numarası S26w 1998
090 ## - SINIFLAMA NUMARASI
Sınıflama Numarası 324.243072 S26w 1998
110 ## - ANA GİRİŞ - KURUMSAL ADI
Giriş Elemanı Olarak Kurumsal Ad Veya Yargı Alanı Adı Almanya Sosyal Demokrat Partisi (SPD)
245 ## - BAŞLIK TABLOSU
Başlık Wir sind bereit
Başlığın Kalan Fünf sichere Zeichen
Sorumluluk Tablosu, Vb SPD
260 ## - YAYIN, DAĞITIM, VB
Yayın, Dağıtım, Vb Yeri Hannover
Yayıncı, Dağıtıcı, Vs Adı Odeon Zwo
Yayın, Dağıtım, Vb Tarihi 1998
300 ## - FİZİKSEL TANIM
Kapsam 96 s.
Boyutlar 20 sm.
610 ## - KONU KATMA GİRİŞ - TOPLANTI ADI
Giriş Elemanı Olarak Kurumsal Ad Veya Yargı Alanı Adı Almanya Sosyal Demokrat Partisi (SPD)
Genel Alt Bölüm Parti programları
Kronolojik Alt Bölüm Çalışmalar
650 ## - KONU KATMA GİRİŞ - TOPİKAL DÖNEM
Topikal Süreli Veya Coğrafi Ad Giriş Elemanı Parti türleri
Genel Alt Bölümü Sosyal demokrat partiler
Coğrafi Alt Bölümü Almanya
710 ## - KATMA GİRİŞ - KURUMSAL ADI
Giriş Elemanı Olarak Kurumsal Ad Veya Yargı Alanı Adı Almanya Sosyal Demokrat Partisi (SPD)
942 ## - EKLENDİ GİRİŞ ELEMANLARI (KOHA)
Sınıflandırma Veya Raf Düzeni Kaynak Dewey Decimal Classification
Koha Öğesi Türü Books
999 ## - SİSTEM KONTROL NUMARALARI (KOHA)
Koha Biblionumber 6112
Koha Biblioitemnumber 6112
Holdings
Kalıcı Konum Mevcut Konum Edinme Tarihi Edinim Kaynak Toplam Check-Out'Lar Tam Çağrı Numarası Barkod Tarih Son Görülme İtibaren Geçerli Fiyatlar Koha Öğesi Türü
CHP Kütüphanesi CHP Kütüphanesi 12/09/2016 Bağış   324.243072 S26w 1998 008973 12/09/2016 12/09/2016 Books